00634nam a2200229 a 4500001001300000003000900013005001700022008004100039020001000080082001900090100001300109245002900122260003700151300000800188500003500196650001600231700001300247902000800260942000700268952011200275999001700387nice12345678IN_TiNIC20260116014320.0070626s0000 bana grd 000 0 eng  ac25000a305.40954bSHO aShobha,  aEk Chingari Ki Khoj Mein aBangalore bVisual Search c0000 a00p aincludes index and biblioraphy aDowry-India1 aShobha,  bSRS cND 00104070aHMIbHMId2008-06-25g250.00l1o305.40954 SHOp022069r2017-02-07s2017-02-03w2026-01-16yVM c14777d14777